• 首页
  • 本馆介绍
  • 公告通知
  • 最新文献
  • 馆藏检索
  • 电子资源
  • 读者导购
  • 参考咨询
  • 我的图书馆
  • 登录
  • 详细信息显示
  • 放入我的书架
  • 预约/预借图书
  • 作者相关作品
  • 分类相关作品
  • 丛书相关作品
  • 出版社相关作品

书目信息

  • 表格格式
  • 工作单格式
  • 卡片格式
题名:
传统哲学的魅力
    
 
作者: 萧汉明 著
分册:  
出版信息: 北京   中华书局  2008
页数: 394页
开本: 23cm
丛书名:
单 册:
中图分类: B215
科图分类:
主题词: 古典哲学--研究--中国 , 古典哲学
电子资源:
ISBN: 978-7-101-06028-7
000 00787nam0 2200253 45
001 1029936242
005 20100428141633.93
010    @a978-7-101-06028-7@dCNY56.00
100    @a20100420d2008 ekmy0chiy0120 ea
101 0  @achi
102    @aCN@b110000
105    @ay z 000yy
106    @ar
200 1  @a传统哲学的魅力@AChuan Tong Zhe Xue De Mei Li@f萧汉明著@FXiao Han Ming Zhu
210    @a北京@c中华书局@d2008
215    @a394页@d23cm
300    @a珞珈中国哲学
330    @a本书内容包括:源头风光与哲学缘起、人文思潮与诸子蜂起、事物的网络性关联与思维的网络性、对待传统文化的态度等。
606 0  @a古典哲学@x研究@y中国
606 0  @a古典哲学
690    @aB215@v4
701  0 @a萧汉明@AXiao Han Ming@4著
801  0 @aCN@bTANGWEI@c20100428
905    @b0594532-36@dB215@e134@f5
    
    传统哲学的魅力/萧汉明著.-北京:中华书局,2008
    394页;23cm
    珞珈中国哲学
    
    ISBN 978-7-101-06028-7:CNY56.00
    本书内容包括:源头风光与哲学缘起、人文思潮与诸子蜂起、事物的网络性关联与思维的网络性、对待传统文化的态度等。
●
相关链接 在E读中查询图书 在五车中查询图书 在当当中查询图书 在豆瓣中查询图书


正题名:传统哲学的魅力     索取号:B215/134         预约/预借

序号 登录号 条形码 馆藏地/架位号 状态 备注
1 0594532   205945325   第一样本阅览室/ [索取号:B215/134] 在馆    
2 0594533   205945334   第一借阅区/ [索取号:B215/134] 在馆    
3 0594534   205945343   第一借阅区/ [索取号:B215/134] 在馆    
4 0594535   205945352   第一借阅区/ [索取号:B215/134] 在馆    
5 0594536   205945361   第一借阅区/ [索取号:B215/134] 在馆    
唐山师范学院图书馆 欢迎您!
大连网信软件有限公司© 版权所有